Road to Omaha (2000's) - Statistics

General Stats
  • This quiz has been taken 2 times
  • The average score is 57 of 80
Answer Stats
Year School % Correct
2004 Arkansas
100%
2009 Arkansas
100%
2000 Florida
100%
2005 Florida
100%
2008 Florida St.
100%
2008 Fresno St.
100%
2001 Georgia
100%
2004 Georgia
100%
2006 Georgia
100%
2008 Georgia
100%
2007 Louisville
100%
2000 LSU
100%
2003 LSU
100%
2004 LSU
100%
2008 LSU
100%
2009 LSU
100%
2001 Miami
100%
2003 Miami
100%
2004 Miami
100%
2006 Miami
100%
2008 Miami
100%
2006 North Carolina
100%
2007 North Carolina
100%
2008 North Carolina
100%
2009 North Carolina
100%
2005 Oregon St.
100%
2006 Oregon St.
100%
2007 Oregon St.
100%
2002 South Carolina
100%
2003 South Carolina
100%
2004 South Carolina
100%
2001 Tennessee
100%
2005 Tennessee
100%
2000 Texas
100%
2002 Texas
100%
2003 Texas
100%
2004 Texas
100%
2005 Texas
100%
2009 Texas
100%
2000 USC
100%
2001 USC
100%
2009 Virginia
100%
2004 Arizona
50%
2005 Arizona St.
50%
2007 Arizona St.
50%
2009 Arizona St.
50%
2005 Baylor
50%
2001 Cal St. Fullerton
50%
2003 Cal St. Fullerton
50%
2004 Cal St. Fullerton
50%
2006 Cal St. Fullerton
50%
2007 Cal St. Fullerton
50%
2009 Cal St. Fullerton
50%
2000 Clemson
50%
2002 Clemson
50%
2006 Clemson
50%
2002 Georgia Tech
50%
2006 Georgia Tech
50%
2000 Louisiana Lafayette
50%
2007 Mississippi St.
50%
2001 Nebraska
50%
2002 Nebraska
50%
2005 Nebraska
50%
2002 Notre Dame
50%
2000 Stanford
50%
2001 Stanford
50%
2002 Stanford
50%
2003 Stanford
50%
2008 Stanford
50%
2001 Tulane
50%
2005 Tulane
50%
2002 Rice
0%
2003 Rice
0%
2006 Rice
0%
2007 Rice
0%
2008 Rice
0%
2000 San Jose St.
0%
2009 Southern Miss
0%
2003 Southwest Missouri St.
0%
2007 UC Irvine
0%
No matching quizzes found
Score Distribution
Percent of People with Each Score
Percentile by Number Answered
Your Score History
You have not taken this quiz